| 000 | 00439nam a2200169Ia 4500 | ||
|---|---|---|---|
| 008 | 180424s9999 xx 000 0 und d | ||
| 084 | _a510.78 J99 | ||
| 100 | _a"Jha, Davendranath G" | ||
| 245 | 0 | _aComputer Concepts and Management Information Systems | |
| 250 | _a\\200700ENGGPSX | ||
| 260 | _aPrentice Hall | ||
| 260 | _b2007 | ||
| 260 | _cNew Delhi | ||
| 300 | _a182p. | ||
| 500 | _aincludes index and biblioraphy | ||
| 942 | _cBK | ||
| 999 |
_c78436 _d78436 |
||